Paris in Japan : (Record no. 77199)
[ view plain ]
| 000 -LEADER | |
|---|---|
| fixed length control field | 01630nam a2200361 a 4500 |
| 001 - CONTROL NUMBER | |
| control field | 77199 |
| 003 - CONTROL NUMBER IDENTIFIER | |
| rucl marc code | BD-RjUL |
| 005 - DATE AND TIME OF LATEST TRANSACTION | |
| control field | 20211209082937.0 |
| 008 - FIXED-LENGTH DATA ELEMENTS--GENERAL INFORMATION | |
| fixed length control field | 200302r19881987ja a bc 000 0 eng |
| 020 ## - INTERNATIONAL STANDARD BOOK NUMBER | |
| International Standard Book Number | 093631611X (pbk.) : |
| Terms of availability | $20.00 |
| 035 ## - SYSTEM CONTROL NUMBER | |
| System control number | (BD-RjUL)77423 |
| 040 ## - CATALOGING SOURCE | |
| Original cataloging agency | DLC |
| Transcribing agency | DLC |
| Modifying agency | DLC |
| -- | BD-RjUL |
| Language of cataloging | eng |
| 041 ## - LANGUAGE CODE | |
| Language code of text/sound track or separate title | eng |
| 082 00 - DEWEY DECIMAL CLASSIFICATION NUMBER | |
| Edition number | 23 |
| Classification number | 759.952 |
| Author mark and year | TAP 1988 |
| 100 ## - MAIN ENTRY--PERSONAL NAME | |
| Personal name | Takashina, Shūji, |
| Dates associated with a name | 1932- |
| 9 (RLIN) | 240230 |
| 245 00 - TITLE STATEMENT | |
| Title | Paris in Japan : |
| Remainder of title | the Japanese encounter with European painting / |
| Statement of responsibility, etc. | Shūji Takashina, J. Thomas Rimer, with Gerald D. Bolas. |
| 260 ## - PUBLICATION, DISTRIBUTION, ETC. (IMPRINT) | |
| Place of publication, distribution, etc. | Tokyo ; |
| -- | St. Louis : |
| Name of publisher, distributor, etc. | Japan Foundation ; |
| -- | Washington University, |
| Date of publication, distribution, etc. | 1987. |
| 300 ## - PHYSICAL DESCRIPTION | |
| Pagination | 287 p. : |
| Illustrations | ill. (some col.) ; |
| Size | 28 cm. |
| 500 ## - GENERAL NOTE | |
| General note | Catalog of an exhibition held at Washington Univ. Gallery of Art, St. Louis, on Oct. 2-Nov. 22, 1987; Japan House Gallery, New York, on Dec. 11, 1987-Feb. 7, 1988; Wight Art Gallery, Univ. of Calif. at Los Angeles, on Feb. 21-Apr. 3, 1988. |
| 504 ## - BIBLIOGRAPHY, ETC. NOTE | |
| Bibliography, etc | Bibliography: p. 282-287. |
| 650 #0 - SUBJECT ADDED ENTRY--TOPICAL TERM | |
| Topical term or geographic name as entry element | Painting, Japanese |
| General subdivision | Exhibitions. |
| 9 (RLIN) | 240231 |
| Topical term or geographic name as entry element | Painting, Japanese |
| Chronological subdivision | Meiji period, 1868-1912 |
| General subdivision | Exhibitions. |
| 9 (RLIN) | 240232 |
| Topical term or geographic name as entry element | Painting, Japanese |
| General subdivision | French influences |
| -- | Exhibitions. |
| 9 (RLIN) | 240233 |
| Topical term or geographic name as entry element | Painting, Japanese |
| General subdivision | European influences |
| -- | Exhibitions. |
| 9 (RLIN) | 240234 |
| 700 1# - ADDED ENTRY--PERSONAL NAME | |
| Personal name | Rimer, J. Thomas. |
| Personal name | Bolas, Gerald D. |
| 710 2# - ADDED ENTRY--CORPORATE NAME | |
| Corporate name or jurisdiction name as entry element | Washington University (Saint Louis, Mo.). |
| Subordinate unit | Gallery of Art. |
| 9 (RLIN) | 240236 |
| Corporate name or jurisdiction name as entry element | Japan House Gallery. |
| 9 (RLIN) | 240237 |
| Corporate name or jurisdiction name as entry element | Frederick S. Wight Art Gallery. |
| 9 (RLIN) | 240238 |
| 942 ## - ADDED ENTRY ELEMENTS (KOHA) | |
| Source of classification or shelving scheme | Dewey Decimal Classification |
| Koha item type | Books |
| Lost status | Source of classification or shelving scheme | Damaged status | Not for loan | Collection code | Permanent Location | Current Location | Shelving location | Date acquired | Total Checkouts | Full call number | Date last seen | Copy number | Koha item type |
|---|---|---|---|---|---|---|---|---|---|---|---|---|---|
| Dewey Decimal Classification | Not For Loan | Non-fiction | Central Library, University of Rajshahi | Central Library, University of Rajshahi | Reading Room | 05/07/1994 | 759.952 TAP 1988 | 02/03/2020 | C-1 | Books |